LEADER 00956nam0-22003011i-450- 001 990000487370403321 005 20070920112952.0 035 $a000048737 035 $aFED01000048737 035 $a(Aleph)000048737FED01 035 $a000048737 100 $a20020821d1982----km-y0itay50------ba 101 0 $aeng 105 $ay-------001yy 200 1 $aCalculation and measurement of luminance and illuminance in road lighting$ecomputer program for luminance, illuminance and glare$fCommission internationale de l'eclairage 210 $aParis$cBureau central de la CIE$d1982 215 $a159 p.$d30 cm 225 1 $aPublication CIE$v30-2 (TC-4.6) 1982 610 0 $aIlluminotecnica$aStrade 676 $a628.95 676 $a621.32 710 02$aInternational Commission on Illumination 801 0$aIT$bUNINA$gRICA$2UNIMARC 901 $aBK 912 $a990000487370403321 952 $a10 D IV 37$b11762$fDINEL 959 $aDINEL 997 $aUNINA LEADER 01198nam a2200241 i 4500 001 991002841799707536 008 070917s1998 it b 001 0bita d 035 $ab13588187-39ule_inst 040 $aDip.to Filologia Class. e Scienze Filosofiche$bita 082 00$a943.025 100 1 $aDe Robertis, Francesco Maria$0187089 245 10$aFederico II di Svevia nel mito e nella realtá :$bnotazioni critiche e ricostruttive sulla figura e l'opera, spesso tutt'altro che esaltanti, del maggior dinasta dell'Occidente /$cFrancesco M. De Robertis 260 $aBari :$b[s.n.],$c1998 300 $aXVII, 389 p. ;$c25 cm 490 1 $aDocumenti e monografie / Societá di storia patria per la Puglia ;$v49 504 $aContiene riferimenti bibliografici. Indice 600 4$a Federico :$cdi Svevia 907 $a.b13588187$b02-04-14$c17-09-07 912 $a991002841799707536 945 $aLE007 943 DER 01.01$g1$i2007000121153$lle007$nLE007 2007 Cavallera$op$pE51.65$q-$rl$s- $t0$u3$v0$w3$x0$y.i14554963$z18-09-07 996 $aFederico II di Svevia nel mito e nella realtá$91220488 997 $aUNISALENTO 998 $ale007$b17-09-07$cm$da $e-$fita$git $h0$i0 LEADER 01629nas 2200337 n 450 001 990008963900403321 005 20240229084453.0 035 $a000896390 035 $aFED01000896390 035 $a(Aleph)000896390FED01 035 $a000896390 091 $2CNR$aP 00097692 100 $a20161109b19671980km-y0itaa50------ba 101 0 $aeng 110 $aauu-------- 200 1 $aFood product development 207 1$a1967-1980 210 $aNew York$c[s.n.] 440 0$12001$aFood development 530 0 $aFood product development 675 $a664 801 0$aIT$bACNP$c20090723 859 4 $uhttp://acnp.cib.unibo.it/cgi-ser/start/it/cnr/dc-p1.tcl?catno=65801&person=false&language=ITALIANO&libr=&libr_th=unina1$zBiblioteche che possiedono il periodico 901 $aSE 912 $a990008963900403321 958 $aBiblioteca. Dipartimento di Analisi dei processi economico-sociali, linguistici, produttivi e territoriali. Sezione di Scienze merceologiche. Università degli studi di Napoli Federico II$b1967-1973;$c1973;$fDECME 959 $aDECME 996 $aFood product development$9795296 997 $aUNINA AP1 8 $6866-01$aNA035 Biblioteca. Dipartimento di Analisi dei processi economico-sociali, linguistici, produttivi e territoriali. Sezione di Scienze merceologiche. Università degli studi di Napoli Federico II$eVia Cintia - Monte S. Angelo, Napoli (NA)$m(081) 7645969$m(081) 7645969$nit AP2 40$aacnp.cib.unibo.it$nACNP Italian Union Catalogue of Serials$uhttp://acnp.cib.unibo.it/cgi-ser/start/it/cnr/df-p.tcl?catno=65801&language=ITALIANO&libr=&person=&B=1&libr_th=unina&proposto=NO LEADER 04263nas 2201153-a 450 001 996218809603316 005 20220421213021.0 011 $a2005-4092 035 $a(OCoLC)500631535 035 $a(CKB)1000000000284867 035 $a(CONSER)--2019204117 035 $a(DE-599)ZDB2486545-X 035 $a(MiAaPQ)326316 035 $a(EXLCZ)991000000000284867 100 $a20051014a20039999 --- a 101 0 $aeng 135 $aurun||||||||| 181 $ctxt$2rdacontent 182 $cc$2rdamedia 183 $acr$2rdacarrier 200 00$aInternational journal of control, automation, and systems 210 $aSeoul, Korea $cInstitute of Control, Automation, and Systems Engineers [and Korean Institute of Electricial Engineers]$d2003- 210 3 $a[Seoul, Korea?] $cInstitute of Control, Robotics and Systems Engineers and the Korean Institute of Electricial Engineers ;$aHeidelberg $cSpringer-Verlag [distributor] 215 $a1 online resource 300 $aRefereed/Peer-reviewed 300 $aTitle from home page (viewed October 13, 2005). 311 $a1598-6446 330 3 $aThe aim of this journal is provide a forum for original research results on theory, design, experiments, and applications in all technical areas of control, automation, and systems. 517 1 $aIJCAS 531 $aINT. J. CONTROL. AUTOM. SYST. 531 $aINT J CONTROL AUTOM SYST 531 $aINT J CONTROL AUTOM 531 $aINT. J. CONTROL AUTOM. SYST 531 1 $aInt. journal. control. autom. syst. 606 $aAutomatic control$vPeriodicals 606 $aAdaptive control systems$vPeriodicals 606 $aControl theory$vPeriodicals 606 $aAutomation$vPeriodicals 606 $aSystems engineering$vPeriodicals 606 $aExpert systems (Computer science)$vPeriodicals 606 $aRobotics$vPeriodicals 606 $aCommande automatique$vPériodiques 606 $aSystèmes adaptatifs$vPériodiques 606 $aThéorie de la commande$vPériodiques 606 $aAutomatisation$vPériodiques 606 $aIngénierie des systèmes$vPériodiques 606 $aSystèmes experts (Informatique)$vPériodiques 606 $aRobotique$vPériodiques 606 $aAdaptive control systems$2fast$3(OCoLC)fst00796490 606 $aAutomatic control$2fast$3(OCoLC)fst00822702 606 $aAutomation$2fast$3(OCoLC)fst00822786 606 $aControl theory$2fast$3(OCoLC)fst00877085 606 $aExpert systems (Computer science)$2fast$3(OCoLC)fst00918516 606 $aRobotics$2fast$3(OCoLC)fst01098997 606 $aSystems engineering$2fast$3(OCoLC)fst01141455 608 $aPeriodical 608 $aperiodicals.$2aat 608 $aPeriodicals.$2fast 608 $aPeriodicals.$2lcgft 608 $aPériodiques.$2rvmgf 610 00$acontrole 610 00$acontrol 610 00$aautomatisering 610 00$aautomation 610 00$asystemen 610 00$asystems 610 00$aregeltechniek 610 00$acontrol engineering 610 10$aSystems and Control Theory 610 10$aTheorie van meet- regel- en systeemtechniek 615 0$aAutomatic control 615 0$aAdaptive control systems 615 0$aControl theory 615 0$aAutomation 615 0$aSystems engineering 615 0$aExpert systems (Computer science) 615 0$aRobotics 615 6$aCommande automatique 615 6$aSystèmes adaptatifs 615 6$aThéorie de la commande 615 6$aAutomatisation 615 6$aIngénierie des systèmes 615 6$aSystèmes experts (Informatique) 615 6$aRobotique 615 7$aAdaptive control systems. 615 7$aAutomatic control. 615 7$aAutomation. 615 7$aControl theory. 615 7$aExpert systems (Computer science) 615 7$aRobotics. 615 7$aSystems engineering. 676 $a629.8 712 02$aInstitute of Control, Automation, and System Engineers (Korea), 712 02$aInstitute of Control, Robotics and Systems Engineers, 712 02$aTaehan Ch?n'gi Hakhoe, 906 $aJOURNAL 912 $a996218809603316 996 $aInternational journal of control, automation and systems$92263377 997 $aUNISA LEADER 04093oam 2200769I 450 001 9910964799103321 005 20251117084904.0 010 $a1-136-25249-5 010 $a1-283-60701-8 010 $a9786613919465 010 $a1-136-25250-9 010 $a0-203-10512-5 024 7 $a10.4324/9780203105122 035 $a(CKB)2670000000242316 035 $a(EBL)1024630 035 $a(OCoLC)811506231 035 $a(SSID)ssj0000711302 035 $a(PQKBManifestationID)12307436 035 $a(PQKBTitleCode)TC0000711302 035 $a(PQKBWorkID)10693833 035 $a(PQKB)11508672 035 $a(MiAaPQ)EBC1024630 035 $a(Au-PeEL)EBL1024630 035 $a(CaPaEBR)ebr10603701 035 $a(CaONFJC)MIL391946 035 $a(OCoLC)814693691 035 $a(OCoLC)1049177694 035 $a(FINmELB)ELB134719 035 $a(EXLCZ)992670000000242316 100 $a20180706d2013 uy 0 101 0 $aeng 135 $aur|n|---||||| 181 $ctxt 182 $cc 183 $acr 200 00$aForeigners and foreign institutions in republican China /$fedited by Anne-Marie Brady and Douglas Brown 205 $a1st ed. 210 1$aLondon ;$aNew York :$cRoutledge,$d2013. 215 $a1 online resource (289 p.) 225 0 $aChinese worlds ;$v30 300 $aDescription based upon print version of record. 311 08$a1-138-85176-0 311 08$a0-415-52865-8 320 $aIncludes bibliographical references and index. 327 $aCover; Title; Copyright; Contents; List of contributors; Introduction: foreign bodies; PART I Heterotopic China; 1 The Italian production of space in Tianjin: heterotopia and emotional capital; 2 Lending words: foreign language education and teachers in Republican Peking; 3 Redefining institutional identity: the YWCA challenge to extraterritoriality in China, 1925-1930; 4 Comintern activists in China: spies or theorists?; 5 Observations of the political and economic situation in China by the British mercantile community during the civil war, 1945-1949 327 $aPART II Shanghaied: morality tales from the Paris of the East6 Shanghai three ways: the 1930s view from Tokyo, Paris and Shanghai; 7 Adventurers, aesthetes and tourists: foreign homosexuals in Republican China; 8 Sissywood vs. Alleyman: going nose to nose in Shanghai; 9 Takeda Taijun in Shanghai: recollections of Republican China and Imperial Japan; PART III With China at war; 10 "What is it makes the stranger?": Robin Hyde in China; 11 Italians in Nationalist China (1928-1945): some case studies 327 $a12 Struggling through times of darkness and despair: Korean Communists from the anti-Japanese resistance to the Chinese Civil WarIndex 330 $aRepublican China attracted an uncommon diversity of foreign interests, groups, and individuals, which included missionaries, adventurers, diplomats, academics, humanitarians and refugees, as well as hedonists and tourists. By exploring the diverse nature of foreign activities in Republican China, this book complicates the dominant narratives of the imperialistic foreigner and Chinese victim, and moves beyond the depiction of foreigners as privileged and the Chinese as simply weak. The spaces and relationships examined in the essays in this volume reveal a complex series of interactions betw 410 0$aChinese Worlds 606 $aVisitors, Foreign$zChina$xHistory$y20th century 607 $aChina$xRelations$y20th century 607 $aChina$xForeign relations$y1912-1949 607 $aChina$xSocial conditions$y1912-1949 607 $aChina$xEconomic conditions$y1912-1949 615 0$aVisitors, Foreign$xHistory 676 $a303.48/251009041 676 $a303.48251 676 $a303.48251009041 701 $aBrady$b Anne-Marie$f1966-$0719607 701 $aBrown$b Douglas$f1961-$01877815 801 0$bMiAaPQ 801 1$bMiAaPQ 801 2$bMiAaPQ 906 $aBOOK 912 $a9910964799103321 996 $aForeigners and foreign institutions in republican China$94490243 997 $aUNINA